Central Library OPAC University of Rajshahi

যাকাত ব্যবস্থাপনা ও দারিদ্র্যবিমোচন কৌশল / (Record no. 84272)

MARC details
000 -LEADER
fixed length control field 00869nam a2200217 a 4500
001 - CONTROL NUMBER
control field 84272
003 - CONTROL NUMBER IDENTIFIER
rucl marc code BD-RjUL
005 - DATE AND TIME OF LATEST TRANSACTION
control field 20241110155409.0
008 - FIXED-LENGTH DATA ELEMENTS--GENERAL INFORMATION
fixed length control field 241110s2023 bg ||||| |||| 00| 0 ben d
035 ## - SYSTEM CONTROL NUMBER
System control number (BD-RjUL)84272
040 ## - CATALOGING SOURCE
Original cataloging agency BD-RjUL
Language of cataloging eng
Transcribing agency BD-RjUL
041 ## - LANGUAGE CODE
Language code of text/sound track or separate title ben
082 ## - DEWEY DECIMAL CLASSIFICATION NUMBER
Edition number 23
Classification number 297.54
Author mark and year AYZ 2023
100 ## - MAIN ENTRY--PERSONAL NAME
Personal name আইয়ুব, মিয়া মুহাম্মদ
9 (RLIN) 14188
245 ## - TITLE STATEMENT
Title যাকাত ব্যবস্থাপনা ও দারিদ্র্যবিমোচন কৌশল /
Statement of responsibility, etc. মিয়া মুহাম্মদ আইয়ুব
260 ## - PUBLICATION, DISTRIBUTION, ETC. (IMPRINT)
Place of publication, distribution, etc. ঢাকা :
Name of publisher, distributor, etc. সেন্টার ফর যাকাত ম্যানেজমেন্ট (সিজেডএম) ,
Date of publication, distribution, etc. ২০২৩
300 ## - PHYSICAL DESCRIPTION
Pagination ১৩২ পৃ.;
Size ২২ সেমি.
650 ## - SUBJECT ADDED ENTRY--TOPICAL TERM
Topical term or geographic name as entry element যাকাত
Topical term or geographic name as entry element Zakat
942 ## - ADDED ENTRY ELEMENTS (KOHA)
Source of classification or shelving scheme Dewey Decimal Classification
Koha item type Books
Holdings
Lost status Source of classification or shelving scheme Damaged status Not for loan Collection code Permanent Location Current Location Shelving location Date acquired Source of acquisition Total Checkouts Full call number Date last seen Copy number Koha item type
  Dewey Decimal Classification   Not For Loan Non-fiction Central Library, University of Rajshahi Central Library, University of Rajshahi Reading Room 06/11/2024 Author   B 297.54 AYZ 2023 10/11/2024 C-1 Books
  Dewey Decimal Classification     Non-fiction Central Library, University of Rajshahi Central Library, University of Rajshahi General Stacks 06/11/2024 Author   B 297.54 AYZ 2023 10/11/2024 C-2 Books